<?xml version="1.0" encoding="UTF-8"?>
<record
    xmlns:xsi="http://www.w3.org/2001/XMLSchema-instance"
    xsi:schemaLocation="http://www.loc.gov/MARC21/slim http://www.loc.gov/standards/marcxml/schema/MARC21slim.xsd"
    xmlns="http://www.loc.gov/MARC21/slim">

  <leader>00670nam a22002177a 4500</leader>
  <controlfield tag="003">OSt</controlfield>
  <controlfield tag="005">20130530163822.0</controlfield>
  <controlfield tag="008">130530s2013    sp ||||| |||| 00| 0 spa d</controlfield>
  <datafield tag="020" ind1=" " ind2=" ">
    <subfield code="a">9788490299357</subfield>
  </datafield>
  <datafield tag="040" ind1=" " ind2=" ">
    <subfield code="c">CDMR</subfield>
  </datafield>
  <datafield tag="100" ind1="1" ind2=" ">
    <subfield code="9">3579</subfield>
    <subfield code="a">Casinos, Xavi</subfield>
  </datafield>
  <datafield tag="245" ind1="1" ind2="3">
    <subfield code="a">El misterio del yogur caducado o c&#xF3;mo reinventar los peri&#xF3;dicos</subfield>
    <subfield code="c">Xavi Casinos ; pr&#xF3;logo de Enric Sierra</subfield>
  </datafield>
  <datafield tag="260" ind1=" " ind2=" ">
    <subfield code="a">Barcelona</subfield>
    <subfield code="b">UOC</subfield>
    <subfield code="c">2013</subfield>
  </datafield>
  <datafield tag="300" ind1=" " ind2=" ">
    <subfield code="a">115 p.</subfield>
  </datafield>
  <datafield tag="490" ind1=" " ind2=" ">
    <subfield code="a">UOC Comunicaci&#xF3;n</subfield>
    <subfield code="v">253</subfield>
  </datafield>
  <datafield tag="650" ind1="0" ind2="4">
    <subfield code="9">2272</subfield>
    <subfield code="a">Periodisme</subfield>
    <subfield code="x">Innovacions tecnol&#xF2;giques</subfield>
  </datafield>
  <datafield tag="650" ind1="0" ind2="4">
    <subfield code="9">311</subfield>
    <subfield code="a">Empreses period&#xED;stiques</subfield>
  </datafield>
  <datafield tag="650" ind1="0" ind2="4">
    <subfield code="9">3188</subfield>
    <subfield code="a">Premsa digital</subfield>
  </datafield>
  <datafield tag="700" ind1="1" ind2=" ">
    <subfield code="9">3581</subfield>
    <subfield code="a">Sierra, Enric</subfield>
    <subfield code="e">pr.</subfield>
  </datafield>
  <datafield tag="942" ind1=" " ind2=" ">
    <subfield code="2">udc</subfield>
    <subfield code="c">MON</subfield>
  </datafield>
  <datafield tag="999" ind1=" " ind2=" ">
    <subfield code="c">6350</subfield>
    <subfield code="d">6350</subfield>
  </datafield>
  <datafield tag="952" ind1=" " ind2=" ">
    <subfield code="0">0</subfield>
    <subfield code="1">0</subfield>
    <subfield code="4">0</subfield>
    <subfield code="7">0</subfield>
    <subfield code="a">CDMR</subfield>
    <subfield code="b">CDMR</subfield>
    <subfield code="d">2013-05-30</subfield>
    <subfield code="e">Intercanvi</subfield>
    <subfield code="l">2</subfield>
    <subfield code="o">Do /32</subfield>
    <subfield code="p">CDMR13056555</subfield>
    <subfield code="r">2017-10-30</subfield>
    <subfield code="s">2017-10-24</subfield>
    <subfield code="w">2013-05-30</subfield>
    <subfield code="y">MON</subfield>
  </datafield>
</record>
